000 00572nam a2200205Ia 4500
008 241004s9999 xx 000 0 und d
020 _a9789391123598
037 _aTextbook
040 _aARTS
_beng
_cARTS
041 _aeng
_2eng
084 _aY:434.2 M2;R2
_qARTS
100 _aPunit A.E. Au.
_9724738
245 _aProfiles of poverty in India
_cPunit A.E. Au.
260 _aIndia
_bDelhi B.R. Publishing
_c2020
300 _axiv,195p.
365 _aINR
_b1250
650 _aSociology
942 _cTB
_hY:434.2 M2;R2
999 _c1218891
_d1218891